Les vainqueurs français des classiques cyclistes - Statistiques

Statistiques générales
  • Ce quiz a été pris 103 fois
  • Le résultat moyen est 54 sur 221
Statistiques - réponses
Course Année Initiale Prénom et nom % Correct
La Flèche wallonne 2018 JA Julian Alaphilippe
100%
Saint-Sébastien 2018 JA Julian Alaphilippe
100%
Milan-San Remo 2019 JA Julian Alaphilippe
100%
La Flèche wallonne 2019 JA Julian Alaphilippe
100%
La Flèche wallonne 2021 JA Julian Alaphilippe
100%
Gand-Wevelgem 1977 BH Bernard Hinault
93%
Liège-Bastogne-Liège 1977 BH Bernard Hinault
93%
La Flèche wallonne 1979 BH Bernard Hinault
93%
Tour de Lombardie 1979 BH Bernard Hinault
93%
Paris-Roubaix 1981 BH Bernard Hinault
93%
Amstel Gold race 1981 BH Bernard Hinault
93%
La Flèche wallonne 1983 BH Bernard Hinault
93%
Tour de Lombardie 1984 BH Bernard Hinault
93%
Tour de Lombardie 2018 TP Thibaut Pinot
92%
Hambourg 2012 AD Arnaud Démare
88%
Milan-San Remo 2016 AD Arnaud Démare
88%
Paris-Tours 2021 AD Arnaud Démare
88%
Paris-Tours 2022 AD Arnaud Démare
88%
Milan-San Remo 1995 LJ Laurent Jalabert
86%
La Flèche wallonne 1995 LJ Laurent Jalabert
86%
Tour de Lombardie 1997 LJ Laurent Jalabert
86%
Saint-Sébastien 2001 LJ Laurent Jalabert
86%
Gand-Wevelgem 2023 CL Christophe Laporte
82%
Gand-Wevelgem 1964 JA Jacques Anquetil
80%
Bordeaux-Paris (1891-1988) 1965 JA Jacques Anquetil
80%
Liège-Bastogne-Liège 1966 JA Jacques Anquetil
80%
La Flèche wallonne 1986 LF Laurent Fignon
75%
Milan-San Remo 1988 LF Laurent Fignon
75%
Milan-San Remo 1989 LF Laurent Fignon
75%
Paris-Tours 2001 RV Richard Virenque
73%
Saint-Sébastien 2002 LJ Laurent Jalabert
72%
Bretagne classic 2021 BC Benoît Cosnefroy
69%
Milan-San Remo 1961 RP Raymond Poulidor
67%
La Flèche wallonne 1963 RP Raymond Poulidor
67%
Bretagne classic 2007 TV Thomas Voeckler
67%
Milan-San Remo 1951 LB Louison Bobet
66%
Tour de Lombardie 1951 LB Louison Bobet
66%
Tour des Flandres 1955 LB Louison Bobet
66%
Paris-Roubaix 1956 LB Louison Bobet
66%
Bordeaux-Paris (1891-1988) 1959 LB Louison Bobet
66%
Saint-Sébastien 2013 TG Tony Galopin
62%
Paris-Roubaix 1985 MM Marc Madiot
60%
Paris-Roubaix 1991 MM Marc Madiot
60%
Bretagne classic 1981 G D-L Gilbert Duclos-Lassalle
56%
Bordeaux-Paris (1891-1988) 1983 G D-L Gilbert Duclos-Lassalle
56%
Bretagne classic 1987 G D-L Gilbert Duclos-Lassalle
56%
Paris-Roubaix 1992 G D-L Gilbert Duclos-Lassalle
56%
Paris-Roubaix 1993 G D-L Gilbert Duclos-Lassalle
56%
Bretagne classic 2014 SC Sylvain Chavanel
54%
Tour des Flandres 1992 JD Jacky Durand
52%
Paris-Tours 1998 JD Jacky Durand
52%
Paris-Roubaix 1997 FG Frédéric Guesdon
42%
Paris-Tours 2006 FG Frédéric Guesdon
42%
Paris-Tours 1906 L P-B Lucien Petit-Breton
42%
Milan-San Remo 1907 L P-B Lucien Petit-Breton
42%
Bretagne classic 2008 PF Pierrick Fédrigo
36%
Bordeaux-Paris (1891-1988) 1902 MG Maurice Garin
35%
Zurich (1914-2006) 1990 CM Charly Mottet
34%
Bretagne classic 1988 LL Luc Leblanc
29%
Bretagne classic 1991 A dLC Armand de Las Cuevas
28%
Saint-Sébastien 1994 AdLC Armand de Las Cuevas
28%
Tour de Lombardie 1956 AD André Darrigade
27%
Paris-Tours 1921 FP Francis Pélissier
25%
Bordeaux-Paris (1891-1988) 1922 FP Francis Pélissier
25%
Bordeaux-Paris (1891-1988) 1924 FP Francis Pélissier
25%
Tour de Lombardie 1911 HP Henri Pélissier
25%
Milan-San Remo 1912 HP Henri Pélissier
25%
Tour de Lombardie 1913 HP Henri Pélissier
25%
Paris-Roubaix 1919 HP Henri Pélissier
25%
Bordeaux-Paris (1891-1988) 1919 HP Henri Pélissier
25%
Tour de Lombardie 1920 HP Henri Pélissier
25%
Paris-Roubaix 1921 HP Henri Pélissier
25%
Paris-Tours 1922 HP Henri Pélissier
25%
Tour de Lombardie 1907 GG Gustave Garrigou
22%
Milan-San Remo 1911 GG Gustave Garrigou
22%
Amstel Gold race 1966 JS Jean Stablinski
22%
Bretagne classic 1974 RM Raymond Martin
22%
Paris-Roubaix 1928 AL André Leducq
20%
Paris-Tours 1931 AL André Leducq
20%
Milan-San Remo 1910 EC Eugène Christophe
19%
Paris-Tours 1920 EC Eugène Christophe
19%
Bordeaux-Paris (1891-1988) 1920 EC Eugène Christophe
19%
Bordeaux-Paris (1891-1988) 1921 EC Eugène Christophe
19%
Liège-Bastogne-Liège 1908 AT André Trousselier
18%
Bretagne classic 1975 CG Cyrille Guimard
18%
Paris-Roubaix 1906 HC Henri Cornet
18%
Paris-Roubaix 1905 LT Louis Trousselier
18%
Bordeaux-Paris (1891-1988) 1908 LT Louis Trousselier
18%
Paris-Roubaix 1909 OL Octave Lapize
18%
Paris-Roubaix 1910 OL Octave Lapize
18%
Paris-Roubaix 1911 OL Octave Lapize
18%
Paris-Tours 1911 OL Octave Lapize
18%
Bretagne classic 2004 DR Didier Rous
16%
Tour de Lombardie 1990 GD Gilles Delion
16%
Paris-Roubaix 1936 GS Georges Speicher
15%
Milan-San Remo 1982 MG Marc Gomez
15%
Bordeaux-Paris (1891-1988) 1938 ML Marcel Laurent
13%
Bordeaux-Paris (1891-1988) 1939 ML Marcel Laurent
13%
La Flèche wallonne 1978 ML Michel Laurent
13%
Paris-Roubaix 1955 JF Jean Forestier
12%
Tour des Flandres 1956 JF Jean Forestier
12%
Liège-Bastogne-Liège 1949 CD Camille Danguillaume
11%
Paris-Roubaix 1903 HA Hippolyte Aucouturier
11%
Bordeaux-Paris (1891-1988) 1903 HA Hippolyte Aucouturier
11%
Paris-Roubaix 1904 HA Hippolyte Aucouturier
11%
Bordeaux-Paris (1891-1988) 1905 HA Hippolyte Aucouturier
11%
Bretagne classic 1971 J-P D Jean-Pierre Danguillaume
11%
Bordeaux-Paris (1891-1988) 1896 GR Gaston Rivierre
9%
Bordeaux-Paris (1891-1988) 1897 GR Gaston Rivierre
9%
Bordeaux-Paris (1891-1988) 1898 GR Gaston Rivierre
9%
Bretagne classic 1989 J-C C Jean-Claude Colotti
8%
Bretagne classic 1998 PH Pascal Hervé
8%
Gand-Wevelgem 1997 PG Philippe Gaumont
8%
Bretagne classic 1978 P-R V Pierre-Raymond Villemiane
8%
Bretagne classic 1992 RP Ronan Pensec
8%
Bordeaux-Paris (1891-1988) 1987 BV Bernard Vallet
7%
Paris-Tours 1951 JD Jacques Dupont
7%
Paris-Tours 1955 JD Jacques Dupont
7%
Milan-San Remo 1963 JG Joseph Groussard
7%
Bretagne classic 1993 TC Thierry Claveyrolat
7%
La Flèche wallonne 1987 J-C L Jean-Claude Leclercq
6%
Bretagne classic 1956 VH Valentin Huot
6%
Paris-Roubaix 1912 CC Charles Crupelandt
5%
Paris-Tours 1913 CC Charles Crupelandt
5%
Paris-Roubaix 1914 CC Charles Crupelandt
5%
Bretagne classic 1999 CM Christophe Mengin
5%
Bordeaux-Paris (1891-1988) 1988 J-F R Jean-François Rault
5%
Bordeaux-Paris (1891-1988) 1951 BG Bernard Gauthier
4%
Bordeaux-Paris (1891-1988) 1954 BG Bernard Gauthier
4%
Bordeaux-Paris (1891-1988) 1956 BG Bernard Gauthier
4%
Bordeaux-Paris (1891-1988) 1957 BG Bernard Gauthier
4%
Bordeaux-Paris (1891-1988) 1910 EG Emile Georget
4%
Bordeaux-Paris (1891-1988) 1912 EG Emile Georget
4%
Paris-Roubaix 1907 GP Georges Passerieu
4%
Paris-Tours 1908 GP Georges Passerieu
4%
Bretagne classic 1976 JB Jacques Bossis
4%
Bretagne classic 1977 JB Jacques Bossis
4%
Bordeaux-Paris (1891-1988) 1894 LL Lucien Lesna
4%
Paris-Roubaix 1901 LL Lucien Lesna
4%
Bordeaux-Paris (1891-1988) 1901 LL Lucien Lesna
4%
Paris-Roubaix 1902 LL Lucien Lesna
4%
Bretagne classic 1986 MG Martial Gayant
4%
Milan-San Remo 1960 RP René Privat
4%
Paris-Tours 1956 AB Albert Bouvet
2%
Paris-Roubaix 1899 AC Albert Champion
2%
Paris-Tours 1950 AM André Mahé
2%
Bretagne classic 1990 BC Bruno Cornillet
2%
Paris-Roubaix 1900 EB Emile Bouhours
2%
Bordeaux-Paris (1891-1988) 1904 FA Fernand Augereau
2%
Bretagne classic 1968 JJ Jean Jourden
2%
Bretagne classic 1969 JJ Jean Jourden
2%
Bordeaux-Paris (1891-1988) 1982 MT Marcel Tinazzi
2%
Paris-Tours 1941 PM Paul Maye
2%
Paris-Tours 1942 PM Paul Maye
2%
Paris-Roubaix 1945 PM Paul Maye
2%
Paris-Tours 1945 PM Paul Maye
2%
Paris-Tours 1935 R LG René Le Grevès
2%
Bretagne classic 1985 EG Eric Guyot
1%
Bretagne classic 1982 FC François Castaing
1%
Bretagne classic 1931 FF François Favé
1%
Paris-Tours 1943 GG Gabriel Gaudin
1%
Bretagne classic 1970 GM Gianni Marcarini
1%
Bordeaux-Paris (1891-1988) 1984 HL Hubert Linard
1%
Paris-Tours 1901 JF Jean Fischer
1%
Bretagne classic 1958 JG Jean Gainche
1%
Bretagne classic 1962 JG Jean Gainche
1%
Paris-Tours 1930 JM Jean Maréchal
1%
Bretagne classic 1937 J-M G Jean-Marie Goasmat
1%
Paris-Tours 1932 JM Julien Moineau
1%
Paris-Tours 1944 LT Lucien Teisseire
1%
Bordeaux-Paris (1891-1988) 1964 MN Michel Nédélec
1%
Bretagne classic 1980 PF Patrick Friou
1%
Paris-Tours 1952 RG Raymond Guégan
1%
Bretagne classic 1947 RL Raymond Louviot
1%
Bretagne classic 1949 AA Amand Audaire
0%
Bretagne classic 1950 AA Amand Audaire
0%
Bordeaux-Paris (1891-1988) 1979 AC André Chalmel
0%
Bretagne classic 2003 AF Andy Flicklinger
0%
Bretagne classic 1946 A LS Ange Le Strat
0%
Bordeaux-Paris (1891-1988) 1948 A LS Ange Le Strat
0%
Bordeaux-Paris (1891-1988) 1892 AS Auguste Stéphane
0%
Paris-Tours 1918 CM Charles Mantelet
0%
Tour de Lombardie 1988 CM Charly Mollet
0%
Bretagne classic 1966 CM Claude Mazeaud
0%
Bordeaux-Paris (1891-1988) 1899 CH Constant Huret
0%
Bordeaux-Paris (1891-1988) 1902 EW Edouard Wattelier
0%
Bretagne classic 1945 ET Eloi Tassin
0%
Bretagne classic 1948 ET Eloi Tassin
0%
Bretagne classic 1951 EG Emile Guérinet
0%
Bretagne classic 1952 EG Emile Guérinet
0%
Bretagne classic 1959 EC Emmanuel Crenn
0%
Bordeaux-Paris (1891-1988) 1973 EM Enzo Mattioda
0%
Paris-Tours 1896 EP Eugène Prévost
0%
Bordeaux-Paris (1891-1988) 1933 FM Fernand Mithouard
0%
Bretagne classic 1961 FP Fernand Picot
0%
Bretagne classic 1963 FP Fernand Picot
0%
Bretagne classic 1965 FG François Goasduff
0%
Bretagne classic 1967 FH François Hamon
0%
Paris-Tours 1954 GS Gilbert Scodeller
0%
Bretagne classic 1960 HF Hubert Ferrer
0%
Bretagne classic 1957 IV Isaac Vitré
0%
Bordeaux-Paris (1891-1988) 1949 JM Jacques Moujica
0%
Bretagne classic 1964 JB Jean Bourlès
0%
Bretagne classic 1973 J-C L Jean-Claude Largeaux
0%
Bretagne classic 1955 J-J P Jean-Jacques Petitjean
0%
Bretagne classic 1935 J LD Jean Le Dilly
0%
Bordeaux-Paris (1891-1988) 1958 J-M C Jean-Marie Cieleska
0%
Bordeaux-Paris (1891-1988) 1934 JN Jean Noret
0%
Paris-Tours 1933 JM Jules Merviel
0%
Paris-Tours 1948 LC Louis Caput
0%
Bordeaux-Paris (1891-1988) 1893 LC Louis Cottereau
0%
Bretagne classic 1934 LT Lucien Tulot
0%
Bordeaux-Paris (1891-1988) 1906 MC Marcel Cadolle
0%
Bordeaux-Paris (1891-1988) 1936 PC Paul Chocque
0%
Bretagne classic 1932 PB Philippe Bono
0%
Bretagne classic 1933 PB Philippe Bono
0%
Bretagne classic 1983 PB Pierre Bazzo
0%
Bretagne classic 1938 PC Pierre Cloarec
0%
Bretagne classic 1936 PC Pierre Cogan
0%
Bretagne classic 1972 RB Robert Bouloux
0%
Bretagne classic 1953 SB Serge Blusson
0%
Aucun quiz correspondant
Distribution des résultats
% des personnes avec chaque résultat
Percentile par nombre de réponses
Votre historique - résultats
Vous n’avez pas pris ce quiz